Blake's Therapy.

محفوظ في:
التفاصيل البيبلوغرافية
المؤلف الرئيسي: Dorfman, Ariel (مؤلف)
التنسيق: كتاب
منشور في: New York, USA: Seven Stories Press, 2001.
الطبعة:First edition
الموضوعات:
الوسوم: إضافة وسم
لا توجد وسوم, كن أول من يضع وسما على هذه التسجيلة!

MARC

LEADER 00000nam a22000007a 4500
003 CL-VaPUC
005 20250114120238.0
008 241211t2001 ||||| |||| 00| 0 eng d
999 |c 446271  |d 446269 
020 |a 1-58322-070-4 
040 |c Pontificia Universidad Católica de Valparaíso 
082 7 |a Ch863 DOR 2001  |2 22 
100 1 |a Dorfman, Ariel  |e author  |9 518491 
245 |a Blake's Therapy. 
250 |a First edition 
260 |a New York, USA:  |b Seven Stories Press,  |c 2001. 
300 |a 175 páginas. 
500 |a c.1 Donación PIIE 2-12-2024 
583 |c 20241211  |k Catalogador Asistente 
650 |a Novelas chilenas   |9 265425 
942 |2 ddc  |c BK 
952 |0 0  |1 0  |2 ddc  |4 0  |6 CH_863_000000000000000_DOR_2001  |7 0  |8 A  |9 598615  |a BIBEDU  |b BIBEDU  |d 2024-12-11  |e Donación  |i 5663552  |o Ch863 DOR 2001  |p 5663552  |r 2024-12-11  |t 1  |w 2024-12-11  |y BK  |k LIT